[Event "AUTO-OPEN-3020"]
[Site "http://www.queenalice.com/game.php?id=1194217"]
[Date "2013.6.26"]
[Round "1"]
[White "lvali40"]
[Black "bg13"]
[Result "1-0"]
[WhiteElo "1110"]
[BlackElo "1100"]

1. d4 d5 2. c4 c6 3. Nc3 e6 4. cxd5 cxd5 5. Nf3 h6 6. Bf4 a6 7. e3 Bd6 8. Bxd6
Qxd6 9. Bd3 Nf6 10. O-O O-O 11. Rc1 Nh7 12. e4 dxe4 13. Bxe4 Nf6 14. Bc2 Nh7 15.
Qd3 Nc6 16. Qxh7# 1-0

[Event "AUTO-OPEN-3020"]
[Site "http://www.queenalice.com/game.php?id=1194218"]
[Date "2013.6.26"]
[Round "1"]
[White "bg13"]
[Black "lvali40"]
[Result "1/2-1/2"]
[WhiteElo "994"]
[BlackElo "1332"]

1. d4 d5 2. e3 e6 3. Nf3 Nf6 4. Be2 Be7 5. O-O O-O 6. h3 c5 7. dxc5 Bxc5 8. b3
Nc6 9. Nh2 Ne4 10. Ba3 Bxa3 11. Nxa3 a6 12. Bf3 Nf6 13. Nb1 b5 14. Ng4 Nxg4 15.
Bxg4 Bb7 16. Be2 Rc8 17. a3 e5 18. b4 d4 19. exd4 Nxd4 20. Ra2 Nxc2 21. Rxc2
Qxd1 22. Bxd1 f5 23. Rxc8 Rxc8 24. Nd2 Rc3 25. Bf3 Bxf3 26. Nxf3 e4 27. Nd4 g6
28. Ra1 Kf7 29. Ne2 Rc2 30. Ng3 Ke6 31. Kf1 Ke5 32. Ke1 f4 33. Nf1 g5 34. Nd2
Kd4 35. Kd1 Kd3 36. Nxe4 h6 37. Nc5+ Kc3 38. Rc1 Rxc1+ 39. Kxc1 h5 40. Nxa6 Kb3
41. Nc7 Kxa3 42. Nxb5+ Kxb4 43. Nd4 g4 44. h4 Kc4 45. Ne2 f3 46. gxf3 gxf3 47.
Ng1 Kd3 48. Nxf3 Ke2 49. Nd4+ Kxf2 50. Nf5 Kf3 51. Ng7 Kg4 52. Nxh5 Kxh5 53. Kd2
Kxh4 54. Ke3 1/2-1/2

[Event "AUTO-OPEN-3020"]
[Site "http://www.queenalice.com/game.php?id=1194243"]
[Date "2013.6.26"]
[Round "1"]
[White "marcomasao"]
[Black "bg13"]
[Result "1-0"]
[WhiteElo "1677"]
[BlackElo "1100"]

1. e4 e5 2. Bc4 d6 3. Nf3 h6 4. Nc3 c6 5. a3 Nf6 6. d3 Be7 7. Bd2 O-O 8. Qe2 Nh7
9. h3 Be6 10. O-O-O Bxc4 11. dxc4 Bg5 12. h4 Bxd2+ 13. Nxd2 c5 14. h5 Nc6 15. g4
Nd4 16. Qe3 Qg5 17. Qg3 Ne6 18. Kb1 1-0

[Event "AUTO-OPEN-3020"]
[Site "http://www.queenalice.com/game.php?id=1194244"]
[Date "2013.6.26"]
[Round "1"]
[White "bg13"]
[Black "marcomasao"]
[Result "0-1"]
[WhiteElo "1100"]
[BlackElo "1679"]

1. e4 e5 2. d3 Bc5 3. Nf3 Nc6 4. Be2 Nf6 5. O-O a6 6. c3 d6 7. h3 Bd7 8. Nh2 Qe7
9. Bg4 Bxg4 10. Nxg4 Nxg4 11. Qxg4 g6 12. Be3 h5 13. Qd1 h4 14. Bxc5 dxc5 15.
Qe2 O-O-O 16. Nd2 g5 17. f3 Rd7 0-1

[Event "AUTO-OPEN-3020"]
[Site "http://www.queenalice.com/game.php?id=1194261"]
[Date "2013.6.26"]
[Round "1"]
[White "bg13"]
[Black "kpablanca197"]
[Result "1-0"]
[WhiteElo "1065"]
[BlackElo "1506"]

1. d4 Nf6 2. e3 d5 3. h3 g6 4. Nf3 Bg7 5. Be2 O-O 6. O-O Nc6 7. c3 a6 8. Nh2 e6
9. Ng4 b5 10. Nxf6+ Qxf6 11. Nd2 Bb7 12. Nf3 Ne7 13. b3 Nf5 14. Nh2 e5 15. dxe5
Qxe5 16. Bg4 Nd6 17. Bf3 Qxc3 18. Rb1 Ne4 19. Bxe4 dxe4 20. Bd2 Qc6 21. Rc1 Qd7
22. Bc3 1-0

[Event "AUTO-OPEN-3020"]
[Site "http://www.queenalice.com/game.php?id=1194262"]
[Date "2013.6.26"]
[Round "1"]
[White "kpablanca197"]
[Black "bg13"]
[Result "0-1"]
[WhiteElo "1506"]
[BlackElo "1065"]

1. e4 e5 2. Nf3 d6 3. d4 exd4 4. Nxd4 Nc6 5. Bb5 Bd7 6. Nc3 a6 7. O-O Nxd4 8.
Qxd4 Bxb5 9. Nxb5 axb5 10. Be3 Qf6 11. Qb4 c6 12. Bd4 Qd8 13. Qb3 Nf6 14. Rfe1
Be7 15. h3 O-O 16. Qg3 h6 17. a3 Re8 18. Rad1 Bf8 19. e5 dxe5 20. Bxe5 Rxe5 21.
Qxe5 Qb6 22. Qf4 Rd8 23. b4 Rxd1 0-1

[Event "AUTO-OPEN-3022"]
[Site "http://www.queenalice.com/game.php?id=1194738"]
[Date "2013.6.27"]
[Round "1"]
[White "bdpq"]
[Black "bg13"]
[Result "0-1"]
[WhiteElo "1584"]
[BlackElo "994"]

1. e4 e5 2. Nf3 d6 3. Bc4 h6 4. d4 exd4 5. Nxd4 Nc6 6. Nxc6 bxc6 7. Qf3 Qf6 8.
Qxf6 Nxf6 9. O-O Be7 10. e5 dxe5 11. Nc3 O-O 12. Be3 Nh7 13. Ne4 Nf6 14. Bd3
Nxe4 15. Bxe4 f5 16. Bxc6 Rb8 17. b3 a6 18. Bf3 Bb7 19. Bxb7 Rxb7 20. h3 f4 21.
Bd2 Rd8 22. Bc3 Bf6 23. Rfe1 c6 24. Bxe5 Bxe5 25. Rxe5 Rbd7 26. Rf5 Rd2 27. Rxf4
Rxc2 28. a4 Rdd2 29. Kf1 Rb2 30. b4 Ra2 31. Rc1 Rxa4 32. Kg1 Rd6 33. Rfc4 Rd2
34. Rxc6 Rxb4 35. Rxa6 Rbb2 36. Rf1 Re2 37. Raa1 Kf7 38. g4 g5 39. Ra3 Kf6 40.
Rf3+ Kg7 41. Kg2 Kg6 42. Rf5 h5 43. Rf8 h4 44. Rg8+ Kh6 45. Ra8 Rbc2 46. Ra3 Kg6
47. Kf3 Kf6 48. Re3 Rxe3+ 49. fxe3 Ke5 50. Rh1 Rc3 51. Rd1 Rb3 52. Ra1 Rb2 53.
Ra5+ Kf6 54. Rf5+ Kg6 55. Ke4 Rh2 56. Ke5 Rxh3 57. e4 Rg3 58. Rf6+ Kg7 59. Ke6
Rxg4 60. e5 Ra4 61. Kf5 Rf4+ 62. Ke6 Rxf6+ 63. exf6+ Kf8 0-1

[Event "AUTO-OPEN-3022"]
[Site "http://www.queenalice.com/game.php?id=1194739"]
[Date "2013.6.27"]
[Round "1"]
[White "bg13"]
[Black "bdpq"]
[Result "0-1"]
[WhiteElo "1065"]
[BlackElo "1702"]

1. d4 d5 2. e3 e6 3. Nf3 Nc6 4. Be2 Nf6 5. O-O Bb4 6. c3 Ba5 7. h3 Ne4 8. Nbd2
Nxd2 9. Bxd2 O-O 10. a3 Bd7 11. b4 Bb6 12. Nh2 e5 13. dxe5 Nxe5 14. Nf3 Nxf3+
15. Bxf3 Qg5 16. Kh1 c6 17. g4 f5 18. Rg1 fxg4 19. Bxg4 Qe7 20. Bxd7 Qe4+ 21. f3
Rxf3 22. Rg2 Rxh3+ 23. Kg1 Bxe3+ 24. Bxe3 Qxe3+ 25. Rf2 Rg3+ 26. Kf1 Rf8 27.
Rxf8+ Kxf8 0-1

[Event "AUTO-OPEN-3022"]
[Site "http://www.queenalice.com/game.php?id=1194766"]
[Date "2013.6.27"]
[Round "1"]
[White "Pagano"]
[Black "bg13"]
[Result "1-0"]
[WhiteElo "2052"]
[BlackElo "1100"]

1. e4 e5 2. f4 exf4 3. Nf3 d6 4. Bc4 h6 5. O-O Be7 6. d4 Nf6 7. Bxf4 O-O 8. Nc3
c6 9. Qe2 Be6 10. d5 cxd5 11. Nxd5 Nxd5 12. Bxd5 Bxd5 13. exd5 Nd7 14. Rae1 Bg5
15. Nxg5 Nf6 16. Ne4 Nxe4 17. Qxe4 Rc8 18. Re2 Qb6+ 19. Kh1 1-0

[Event "AUTO-OPEN-3022"]
[Site "http://www.queenalice.com/game.php?id=1194767"]
[Date "2013.6.27"]
[Round "1"]
[White "bg13"]
[Black "Pagano"]
[Result "0-1"]
[WhiteElo "1100"]
[BlackElo "2054"]

1. e4 c6 2. d3 d5 3. exd5 cxd5 4. d4 Nf6 5. h3 Bf5 6. Nf3 e6 7. Be2 Bd6 8. O-O
O-O 9. Bd3 Bxd3 10. cxd3 Nc6 11. b3 Re8 12. Ba3 Rc8 13. Bxd6 Qxd6 14. Nbd2 Nb4
15. Qe2 Rc2 16. Rfc1 Rec8 17. Rxc2 Rxc2 18. a3 Nc6 0-1

[Event "AUTO-OPEN-3022"]
[Site "http://www.queenalice.com/game.php?id=1194786"]
[Date "2013.6.27"]
[Round "1"]
[White "bg13"]
[Black "legorille"]
[Result "0-1"]
[WhiteElo "994"]
[BlackElo "1700"]

1. Nf3 Nc6 2. e4 e5 3. d3 Nf6 4. Be2 Bc5 5. O-O O-O 6. c3 d6 7. h3 Be6 8. Nh2 a6
9. Bg4 Nxg4 10. Nxg4 b5 11. Be3 Bxe3 12. fxe3 Ne7 13. Nd2 c5 14. Nh2 a5 15. a3
Ng6 16. b3 Qb6 17. Ndf3 Rad8 18. Rb1 h6 19. Ne1 c4 20. dxc4 Qxe3+ 21. Kh1 bxc4
22. bxc4 Qxe4 23. Nhf3 Bxc4 24. Rf2 Nf4 25. Nh2 Nxh3 26. Rf3 Be2 27. Qc1 Bxf3
28. Nexf3 Nf2+ 29. Kg1 Nd3 30. Qd2 Rb8 31. Rxb8 Rxb8 32. Nf1 Rb2 33. Qd1 Qc4 34.
N3d2 Qxc3 35. Qf3 Qd4+ 36. Kh2 Qh4+ 37. Kg1 e4 38. Qe3 d5 39. a4 f5 40. Qa7 Qe1
41. Qd7 Rxd2 42. Qc8+ Kf7 43. Qxf5+ Ke7 44. Qg6 Qf2+ 45. Kh2 Rd1 46. Qxg7+ Kd6
47. Qxh6+ Kc5 48. Qe3+ Qxe3 49. Nxe3 Kd4 50. Nxd1 e3 51. Nxe3 Kxe3 52. g4 Kf4
53. Kh3 Kg5 54. Kg3 Nf4 55. Kf3 d4 56. Ke4 d3 57. Ke3 Kxg4 58. Kd2 Kf3 59. Ke1
Ke3 60. Kd1 d2 61. Kc2 Ke2 0-1

[Event "AUTO-OPEN-3022"]
[Site "http://www.queenalice.com/game.php?id=1194787"]
[Date "2013.6.27"]
[Round "1"]
[White "legorille"]
[Black "bg13"]
[Result "1-0"]
[WhiteElo "1776"]
[BlackElo "994"]

1. e4 e5 2. Nf3 d6 3. Bc4 h6 4. O-O Nf6 5. Nc3 c6 6. d4 exd4 7. Nxd4 Be7 8. h3
O-O 9. Bf4 Nh7 10. Qh5 Bg5 11. Bxg5 Qxg5 12. Qxg5 Nxg5 13. Nf5 Bxf5 14. exf5 d5
15. Bd3 Nh7 16. Rfe1 Na6 17. Re7 Rab8 18. Rae1 Nc5 19. Bf1 Nf6 20. g3 Rbe8 21.
b4 Rxe7 22. Rxe7 Na6 23. Rxb7 Ra8 24. Bxa6 d4 25. Ne2 Re8 26. Nxd4 Nd5 27. Nxc6
Re1+ 28. Kg2 Ra1 29. Bc4 Rd1 30. Ne7+ Nxe7 31. Rxe7 Rd4 32. Bxf7+ Kf8 33. Rxa7
Rxb4 34. a4 Rb8 35. c4 Rc8 36. Be6 Rb8 37. a5 Rd8 38. c5 Ke8 39. c6 h5 40. a6
1-0

[Event "AUTO-OPEN-3224"]
[Site "http://www.queenalice.com/game.php?id=1269515"]
[Date "2014.4.1"]
[Round "1"]
[White "bg13"]
[Black "mmagari"]
[Result "0-1"]
[WhiteElo "1000"]
[BlackElo "2342"]

1. e4 e5 2. d3 Bc5 3. b3 d6 4. h3 Nc6 5. Nf3 Nf6 6. Ba3 Bb6 7. Be2 O-O 8. Bb2 a5
9. a4 Nh5 10. O-O Nf4 11. Bc1 Nxe2+ 12. Qxe2 f5 13. exf5 Bxf5 14. Nbd2 h6 15.
Ne4 d5 16. Ng3 Nd4 17. Nxd4 Bxd4 18. Rb1 Qd6 19. Nxf5 Rxf5 20. Be3 Bc3 21. Bd2
Qc5 22. Bxc3 Qxc3 23. Rbd1 Raf8 24. Qd2 Qd4 25. Qe3 Rxf2 26. Qxd4 Rxf1+ 27. Rxf1
Rxf1+ 28. Kxf1 exd4 29. Ke2 Kf7 30. Kd2 Ke6 31. c3 dxc3+ 32. Kxc3 Ke5 0-1

[Event "AUTO-OPEN-3224"]
[Site "http://www.queenalice.com/game.php?id=1269516"]
[Date "2014.4.1"]
[Round "1"]
[White "mmagari"]
[Black "bg13"]
[Result "1-0"]
[WhiteElo "2341"]
[BlackElo "1002"]

1. h4 e5 2. d4 exd4 3. Nf3 Nc6 4. c3 dxc3 5. Nxc3 d6 6. Bg5 Be7 7. e4 Bxg5 8.
hxg5 Bg4 9. Be2 Bxf3 10. Bxf3 Qd7 11. Bg4 Qe7 12. Qb3 Nd8 13. f4 b6 14. O-O-O c6
15. Rhe1 f6 16. Kb1 Nb7 17. gxf6 Nxf6 18. e5 dxe5 19. Rxe5 Qxe5 20. fxe5 Nc5 21.
Qc4 Nfd7 22. Bxd7+ Nxd7 23. Qe6+ Kf8 24. Rxd7 1-0

[Event "AUTO-OPEN-3224"]
[Site "http://www.queenalice.com/game.php?id=1269517"]
[Date "2014.4.1"]
[Round "1"]
[White "bg13"]
[Black "alvm"]
[Result "0-1"]
[WhiteElo "1006"]
[BlackElo "1832"]

1. Nc3 d5 2. d4 Nf6 3. e3 Bf5 4. Bd3 Qd7 5. Bxf5 Qxf5 6. Nf3 Nbd7 7. O-O e6 8.
Ne1 Bd6 9. Nf3 O-O 10. Ne2 c5 0-1